000 00353nam a2200133Ia 4500
008 210430s9999 xx 000 0 und d
020 _a007058379X
082 _a660..63 R2151 I
100 _aD G Rao
_954186
245 _aIntroduction to Biochemical Engineering /
_cD G Rao
260 _aIndia
_bMcGraw Hill
_c2007
300 _a463p
942 _cBK
_2ddc
999 _c564666
_d564666